000
00252nam a2200109Ia 4500
008
220214s9999 xx 000 0 und d
100
_a
Desalphine S M
245
0
_a
For better rubber and beyond
260
_b
Outlook
_c
2004
300
_a
55
942
_c
RE
999
_c
45566
_d
45566